Countries Bordering Brazil - Sudden Death - Statistics

General Stats
  • This quiz has been taken 1,027 times
  • The average score is 7 of 10
Answers on the Grid
Answers color-coded by a green-red scale on the quiz's grid according to % correct below.
Argentina
Bolivia
Peru
Venezuela
Suriname
Guyana
Uruguay
Paraguay
France
Colombia
Chile
Ecuador
New Granada
Panama
Spain
Portugal
Trinidad and Tobago
El Salvador
United States
Philippines
Cuba
Bahamas
Dominican Republic
Costa Rica
 
Answer Stats
Answer % Correct
Argentina
82%
Paraguay
80%
Bolivia
78%
Uruguay
78%
Venezuela
76%
Guyana
75%
Suriname
75%
Colombia
72%
Peru
69%
France
59%
No matching quizzes found
Score Distribution
Percent of People with Each Score
Percentile by Number Answered
Your Score History
You have not taken this quiz